Motores Diesel fijos y marinos / (Registro nro. 35466)

Detalles MARC
000 -LEADER
campo de control de longitud fija 00462nam a2200145 i 4500
001 - NÚMERO DE CONTROL
campo de control 35466
003 - IDENTIFICADOR DE NÚMERO DE CONTROL
campo de control ES-MaACL
007 - CAMPO FIJO DE DESCRIPCIÓN FÍSICA--INFORMACIÓN GENERAL
campo de control de longitud fija t|
008 - DATOS DE LONGITUD FIJA--INFORMACIÓN GENERAL
campo de control de longitud fija 030213s1954 sp ||||1| spa d
100 1# - ENTRADA PRINCIPAL--NOMBRE DE PERSONA
Nombre de persona Bonacossa, Luciano.
9 (RLIN) 30057
245 10 - MENCIÓN DEL TÍTULO
Título Motores Diesel fijos y marinos /
Mención de responsabilidad, etc. Luciano Bonacossa ; traducido de la segunda edición italiana.
260 ## - PUBLICACIÓN, DISTRIBUCIÓN, ETC.
Lugar de publicación, distribución, etc. Barcelona :
Nombre del editor, distribuidor, etc. Sintes,
Fecha de publicación, distribución, etc. 1954 (
Fabricante Salvadó)
300 ## - DESCRIPCIÓN FÍSICA
Extensión 291 p. :
Otras características físicas il. ;
Dimensiones 23 cm.
852 ## - LOCALIZACIÓN
Ubicación ES-MaACL
Número de control de estantería C-8011
Sublocalización o colección R.36213
Existencias
Estatus retirado Estado de pérdida Estado de daño No para préstamo Biblioteca de origen Biblioteca actual Ubicación en estantería Fecha de adquisición Fuente de adquisición Total de préstamos Signatura topográfica completa Código de barras Visto por última vez Precio de reemplazo Tipo de ítem Koha
        Biblioteca del Ateneo de Madrid Biblioteca del Ateneo de Madrid Sala Palomar 17/01/2008     C-8011 1037112 23/02/2023 23/02/2023 Libro impreso